Catálogo
 En Linea

Théâtre de Corneille / (Registro nro. 17929)

Detalles MARC
000 -CABECERA
campo de control de longitud fija 00892cam a2200241 a 4500
001 - NÚMERO DE CONTROL
campo de control 000018408
005 - FECHA Y HORA DE LA ÚLTIMA TRANSACCIÓN
campo de control 20200929165509.0
008 - DATOS DE LONGITUD FIJA--INFORMACIÓN GENERAL
campo de control de longitud fija 760109s1968 fr 000 0 fre d
040 ## - FUENTE DE LA CATALOGACIÓN
Centro catalogador/agencia de origen DO-SdBNP
Lengua de catalogación fre
Centro/agencia transcriptor LC
Centro/agencia modificador BNPHU
082 ## - NÚMERO DE LA CLASIFICACIÓN DECIMAL DEWEY
Número de clasificación 842.41
Número de documento/Ítem C813t
049 ## - FONDOS LOCALES (OCLC)
Fondos de biblioteca BNGR
100 1# - ENTRADA PRINCIPAL--NOMBRE DE PERSONA
Nombre de persona Corneille, Pierre,
Fechas asociadas al nombre 1606-1684.
9 (RLIN) 39852
245 10 - MENCIÓN DE TÍTULO
Título Théâtre de Corneille /
Mención de responsabilidad, etc. Pierre Corneille ; prólogo Jacques Maurens.
260 ## - PUBLICACIÓN, DISTRIBUCIÓN, ETC.
Lugar de publicación, distribución, etc. Paris :
Nombre del editor, distribuidor, etc. Garnier-Flammarion,
Fecha de publicación, distribución, etc. 1968.
300 ## - DESCRIPCIÓN FÍSICA
Extensión 692 p. ;
Dimensiones 18 cm.
490 1# - MENCIÓN DE SERIE
Mención de serie Texte Integral
505 0# - NOTA DE CONTENIDO CON FORMATO
Información miscelánea v. 1.
Título Comédies. Mélite -- La veuve -- La galerie du palais -- La suivante -- La place royale -- L´illusion comique -- Le menteur -- La suite du menteur.
650 #4 - PUNTO DE ACCESO ADICIONAL DE MATERIA--TÉRMINO DE MATERIA
Término de materia o nombre geográfico como elemento de entrada Teatro francés
9 (RLIN) 5359
650 #4 - PUNTO DE ACCESO ADICIONAL DE MATERIA--TÉRMINO DE MATERIA
Término de materia o nombre geográfico como elemento de entrada Literatura francesa
9 (RLIN) 1074
700 1# - PUNTO DE ACCESO ADICIONAL--NOMBRE DE PERSONA
Nombre de persona Maurens, Jacques,
Término indicativo de función/relación pról.
9 (RLIN) 39853
830 #0 - PUNTO DE ACCESO ADICIONAL DE SERIE-TÍTULO UNIFORME
Título uniforme Texte Integral
9 (RLIN) 39854
910 ## - DATOS DE OPCIÓN DEL USUARIO (OCLC)
Datos de opción del usuario Catalogación derivada / LC
Existencias
Estado de retiro Estado de pérdida Restricciones de uso No para préstamo Código de colección Localización permanente Ubicación/localización actual Ubicación en estantería Fecha de adquisición Número de inventario Total de préstamos Signatura topográfica completa Código de barras Fecha visto por última vez Precio válido a partir de Tipo de ítem Koha
        Monografías: Libros y Folletos General General En catalogación 06.05.2010 LF1   842.41 C813t 18408-10 25.06.2020 25.06.2020 Préstamo en sala

Con tecnología Koha